00313nam a2200133Ia 45000030006000000080041000060400015000471000025000622450024000872600031001113000006001425460014001480050017001620STCL150530s9999 xx 000 0 und d aSTCLcSTCL aUniversity of Madras aAdyathama Ramayanam bUniversity of Madrasc1916 a0 aMalayalam20220125170718.0